Statistics for Countries with the Most Turkic People

Click here to take the quiz!

General Stats

  • This quiz has been taken 13,340 times
    (13,294 since last reset)
  • The average score is 13 of 15

Answer Stats

# PeopleCountry% Correct
59.5 milTurkey
99%
15.0 milIran
92%
12.8 milRussia
92%
1.5 milIraq
91%
12.3 milKazakhstan
88%
4.5 milTurkmenistan
87%
25.2 milUzbekistan
85%
900 kSyria
85%
11.7 milChina
84%
1.2 milTajikistan
83%
4.5 milKyrgyzstan
82%
3.5 milAfghanistan
82%
9.0 milAzerbaijan
81%
1.0 milUnited States
75%
2.8 milGermany
66%

Score Distribution

Percentile by Number Answered

Percent of People with Each Score

Your Score History

You have not taken this quiz since the last reset